[Event "Elit(Skara-Kamraterna)"]
[Site "?"]
[Date "2005.??.??"]
[Round "4"]
[White "Hamark, Jesper"]
[Black "Djurhuus, Rune"]
[Result "1/2-1/2"]
[WhiteElo "2311"]
[BlackElo "2609"]
[PlyCount "88"]
[EventDate "2005.??.??"]

1. d4 Nf6 2. c4 g6 3. Nc3 d5 4. cxd5 Nxd5 5. Bd2 Bg7 6. e4 Nb6 7. Be3 O-O 8. f4
f5 9. Qb3+ e6 10. e5 Nc6 11. Nf3 Ne7 12. Be2 Ned5 13. Bd2 Bd7 14. h4 Qe7 15.
Rc1 Nxc3 16. Qxc3 Bc6 17. h5 gxh5 18. Rxh5 h6 19. Rh3 Rad8 20. Kf1 Qd7 21. Kg1
Rf7 22. Be3 Nd5 23. Qd2 Nxe3 24. Qxe3 Bxf3 25. Bxf3 Qxd4 26. Bxb7 Qxb2 27. Ba6
Rd2 28. Qc3 Rxg2+ 29. Kh1 Qxc3 30. Rhxc3 Rf2 31. Rf1 Rxf1+ 32. Bxf1 Rd7 33. Rc6
Rd4 34. Bc4 Rxf4 35. Bxe6+ Kh8 36. Rxc7 Bxe5 37. Rxa7 Rh4+ 38. Kg2 Rg4+ 39. Kh1
Rg5 40. Rf7 f4 41. Rf5 Kg7 42. Rxg5+ hxg5 43. Kg2 Kf6 44. Bc8 Bc3 1/2-1/2

[Event "Elit(Skara-Kamraterna)"]
[Site "?"]
[Date "2005.??.??"]
[Round "4"]
[White "Winsnes, Rikard"]
[Black "Wallin, Dennis"]
[Result "1/2-1/2"]
[WhiteElo "2516"]
[BlackElo "2277"]
[PlyCount "46"]
[EventDate "2005.??.??"]

1. e4 e6 2. d4 d5 3. Nd2 dxe4 4. Nxe4 Bd7 5. Nf3 Bc6 6. Bd3 Nd7 7. O-O Bxe4 8.
Bxe4 c6 9. c4 Ngf6 10. Bc2 Be7 11. Bf4 O-O 12. Qe2 Re8 13. Rfd1 Qa5 14. Ne5
Rad8 15. a3 Nxe5 16. dxe5 Nd7 17. Rd3 Nf8 18. Rh3 g6 19. Rf3 Rd7 20. Re1 Red8
21. b4 Qc7 22. Bh6 a5 23. Qe3 Rd4 1/2-1/2

[Event "Elit(Skara-Kamraterna)"]
[Site "?"]
[Date "2005.??.??"]
[Round "4"]
[White "Borvander, Tom"]
[Black "Eklund, Lars-Goran"]
[Result "0-1"]
[WhiteElo "2231"]
[BlackElo "2317"]
[PlyCount "122"]
[EventDate "2005.??.??"]

1. d4 d5 2. c4 c6 3. Nf3 Nf6 4. Nc3 dxc4 5. a4 Bf5 6. Ne5 e6 7. f3 Bb4 8. e4
Bxe4 9. fxe4 Nxe4 10. Bd2 Qxd4 11. Nxe4 Qxe4+ 12. Qe2 Bxd2+ 13. Kxd2 Qd5+ 14.
Kc3 O-O 15. Qe3 Na6 16. Bxc4 Qa5+ 17. Kc2 Nb4+ 18. Kb1 b5 19. Qc5 Na6 20. Nxc6
Nxc5 21. Nxa5 bxc4 22. Nxc4 Rfc8 23. Ra3 Rab8 24. Nd6 Rd8 25. Rc1 Na6 26. Nb5
Rb7 27. Rd3 Rf8 28. Rc4 g6 29. Ka2 e5 30. Ka3 f5 31. Rd6 Nb8 32. Nc3 Kg7 33. b4
Rf6 34. Rd5 Re6 35. b5 a6 36. Rdc5 axb5 37. axb5 Nd7 38. Rc7 Reb6 39. Kb4 Kh6
40. Ka5 Rxc7 41. Rxc7 Rd6 42. Na4 Rd2 43. Nc5 Nxc5 44. Rxc5 Rxg2 45. b6 Ra2+
46. Kb5 e4 47. b7 Rb2+ 48. Kc6 Rxb7 49. Kxb7 Kg5 50. Kc6 Kf4 51. Kd5 Kf3 52.
Kd4 e3 53. Re5 f4 54. h4 h6 55. Kd3 Kf2 56. Re6 g5 57. Rxh6 g4 58. Rf6 f3 59.
h5 e2 60. Re6 e1=Q 61. Rxe1 Kxe1 0-1

[Event "Elit(Skara-Kamraterna)"]
[Site "?"]
[Date "2005.??.??"]
[Round "4"]
[White "Haggstrom, Olle"]
[Black "Svensson, Sven"]
[Result "1/2-1/2"]
[WhiteElo "2226"]
[BlackElo "2263"]
[PlyCount "66"]
[EventDate "2005.??.??"]

1. d4 Nf6 2. c4 e6 3. Nc3 Bb4 4. Qc2 O-O 5. a3 Bxc3+ 6. Qxc3 d6 7. Nf3 b6 8. g3
Bb7 9. Bg2 Nbd7 10. O-O Ne4 11. Qc2 Rb8 12. b4 f5 13. Bb2 Nef6 14. d5 exd5 15.
Nd4 Qe8 16. Nxf5 dxc4 17. Qxc4+ Qf7 18. Ne7+ Kh8 19. Qxf7 Rxf7 20. Nc6 Re8 21.
Nd8 Rxd8 22. Bxb7 Re8 23. e3 Ne5 24. Rad1 Nfg4 25. h3 Nf6 26. Bg2 Nfd7 27. Bd5
Rfe7 28. f4 Nf7 29. e4 Nd8 30. b5 Nf6 31. Bxf6 gxf6 32. f5 Nf7 33. h4 Ne5
1/2-1/2

[Event "Elit(Skara-Kamraterna)"]
[Site "?"]
[Date "2005.??.??"]
[Round "4"]
[White "Friberg, Hans"]
[Black "Madebrink, Lars"]
[Result "0-1"]
[WhiteElo "2262"]
[BlackElo "2217"]
[PlyCount "88"]
[EventDate "2005.??.??"]

1. Nf3 d5 2. g3 c5 3. Bg2 Nc6 4. O-O Nf6 5. c4 g6 6. cxd5 Nxd5 7. Nc3 Bg7 8. d3
O-O 9. Nxd5 Qxd5 10. Be3 Qd6 11. Qd2 Bg4 12. h3 Bf5 13. Bh6 Rac8 14. Kh2 b6 15.
Rac1 Nd4 16. Nxd4 cxd4 17. Bxg7 Kxg7 18. Rc4 Be6 19. Ra4 Rc7 20. Rc1 Rfc8 21.
Rxc7 Rxc7 22. Bf3 Bxh3 23. e3 e5 24. g4 dxe3 25. Qxe3 e4+ 26. Kxh3 exf3 27.
Qxf3 Rd7 28. Kg2 Qe6 29. b3 a5 30. Rf4 Rd5 31. d4 h5 32. gxh5 Rxh5 33. Kf1 Qd7
34. Ke2 a4 35. bxa4 Qe6+ 36. Qe3 Qxa2+ 37. Qd2 Qxa4 38. Qb2 Qc4+ 39. Kd2 Rb5
40. Qc2 Qd5 41. Ke1 Ra5 42. Qe4 Qc4 43. Rh4 Ra1+ 44. Kd2 Ra2+ 0-1

[Event "Elit(Eksjo-Linkoping)"]
[Site "?"]
[Date "2005.??.??"]
[Round "5"]
[White "Malesevic, Nedeljko"]
[Black "Vernersson, Per"]
[Result "1/2-1/2"]
[WhiteElo "2335"]
[BlackElo "2516"]
[PlyCount "96"]
[EventDate "2005.??.??"]

1. d4 d5 2. Nf3 Nf6 3. c4 dxc4 4. e3 e6 5. Bxc4 c5 6. O-O a6 7. a4 Nc6 8. Nc3
Qc7 9. Qe2 Bd6 10. Rd1 O-O 11. h3 b6 12. dxc5 Bxc5 13. e4 Nd7 14. Be3 Bxe3 15.
Qxe3 Nb4 16. Qe2 Bb7 17. Rac1 Nc5 18. Rd4 Rad8 19. Rcd1 Rxd4 20. Rxd4 Rd8 21.
Qd2 Rxd4 22. Qxd4 Nc6 23. Qd2 Na5 24. Be2 Nab3 25. Qe3 h6 26. Bd1 Qd6 27. Bc2
e5 28. Nd5 Na1 29. Bd1 Bxd5 30. exd5 Qxd5 31. Qc1 Nab3 32. Bxb3 Qxb3 33. a5 e4
34. Nd2 Qb4 35. axb6 Qxb6 36. Qc4 Nd3 37. Nxe4 Nxb2 38. Qc8+ Kh7 39. Nc5 g6 40.
Qf8 Qf6 41. Ne4 Qe6 42. Nd6 Qe1+ 43. Kh2 Qxf2 44. Nxf7 Qf4+ 45. Kg1 Qc1+ 46.
Kh2 Qf4+ 47. Kh1 Qf1+ 48. Kh2 Qf4+ 1/2-1/2

[Event "Elit(Eksjo-Linkoping)"]
[Site "?"]
[Date "2005.??.??"]
[Round "5"]
[White "Schussler, Harry"]
[Black "Ericsson, Robert"]
[Result "1-0"]
[WhiteElo "2451"]
[BlackElo "2203"]
[PlyCount "93"]
[EventDate "2005.??.??"]

1. d4 Nf6 2. Nf3 g6 3. c4 Bg7 4. Nc3 O-O 5. Bg5 d6 6. h3 Na6 7. e3 Qe8 8. Be2
c6 9. O-O Nc7 10. b4 b5 11. a3 a5 12. cxb5 cxb5 13. bxa5 Rxa5 14. Qd2 Ra7 15.
Rfb1 Bd7 16. Ne1 Qa8 17. Nc2 Rb8 18. Rb2 Bc6 19. Bf1 Nfd5 20. Nxd5 Nxd5 21.
Rab1 Rab7 22. f3 Nb6 23. Rb3 Nc4 24. Bxc4 bxc4 25. Rxb7 Rxb7 26. Rxb7 Qxb7 27.
Qb4 f6 28. Bh4 d5 29. Be1 Bf8 30. Qxb7 Bxb7 31. Bb4 Bc6 32. Bc5 Ba4 33. Nb4 c3
34. Kf2 Kf7 35. Ke1 e6 36. Bxf8 Kxf8 37. Na2 c2 38. Kd2 h5 39. h4 Ke7 40. Nb4
Kd6 41. Nxc2 g5 42. g3 e5 43. dxe5+ Kxe5 44. Nd4 gxh4 45. gxh4 f5 46. Ne2 Be8
47. Ke1 1-0

[Event "Elit(Eksjo-Linkoping)"]
[Site "?"]
[Date "2005.??.??"]
[Round "5"]
[White "Olsson, Conny"]
[Black "Rothen, Hakan"]
[Result "1/2-1/2"]
[WhiteElo "2252"]
[BlackElo "2375"]
[PlyCount "35"]
[EventDate "2005.??.??"]

1. b4 c6 2. e3 Qb6 3. a3 Nf6 4. c4 g6 5. Bb2 Bg7 6. Qc2 O-O 7. Ne2 a5 8. bxa5
Qxa5 9. Ng3 b5 10. cxb5 cxb5 11. Be2 Bb7 12. O-O Rc8 13. Qb3 Na6 14. Qxb5 Qxb5
15. Bxb5 Nc5 16. Nc3 Nb3 17. Rad1 Ba6 18. a4 1/2-1/2

[Event "Elit(Eksjo-Linkoping)"]
[Site "?"]
[Date "2005.??.??"]
[Round "5"]
[White "Thornert, Hakan"]
[Black "Carlsson, Ingvar"]
[Result "1/2-1/2"]
[WhiteElo "2303"]
[BlackElo "2029"]
[PlyCount "91"]
[EventDate "2005.??.??"]

1. e4 e6 2. Nf3 d5 3. Nc3 Nf6 4. e5 Nfd7 5. d4 c5 6. dxc5 Bxc5 7. Bd3 Nc6 8.
Bf4 f6 9. exf6 Qxf6 10. Bg3 O-O 11. Qe2 Nd4 12. Nxd4 Bxd4 13. O-O Nc5 14. Rae1
Bd7 15. Be5 Bxe5 16. Qxe5 Rac8 17. Qe2 a6 18. f4 Qd4+ 19. Kh1 Nxd3 20. cxd3
Rxf4 21. Rxf4 Qxf4 22. Rf1 Qd6 23. d4 Rf8 24. Rd1 Qf4 25. Kg1 h6 26. a3 Rf6 27.
Rd3 Kh7 28. g3 Qf5 29. Re3 Be8 30. Re5 Qh3 31. Nxd5 exd5 32. Rxe8 Qf5 33. Re5
Qb1+ 34. Kg2 Rb6 35. b4 a5 36. Re6 Rxe6 37. Qxe6 axb4 38. axb4 Qxb4 39. Qxd5 b5
40. Qf5+ Kg8 41. Qe6+ Kf8 42. d5 Qe7 43. Qf5+ Ke8 44. Qc8+ Kf7 45. Qf5+ Ke8 46.
Qc8+ 1/2-1/2

[Event "Elit(Eksjo-Linkoping)"]
[Site "?"]
[Date "2005.??.??"]
[Round "5"]
[White "Fransson, Jorgen"]
[Black "Andersson, Johan"]
[Result "1-0"]
[WhiteElo "2070"]
[BlackElo "2255"]
[PlyCount "72"]
[EventDate "2005.??.??"]

1. d4 d6 2. e4 Nf6 3. Nc3 c6 4. a4 Qa5 5. Bd3 e5 6. Nge2 Be7 7. O-O O-O 8. h3
Nbd7 9. Be3 Re8 10. Qd2 Qc7 11. a5 exd4 12. Bxd4 c5 13. Bxf6 Nxf6 14. Nf4 Be6
15. Bb5 Red8 16. Nxe6 fxe6 17. Bc4 Qc8 18. Qe2 Ne8 19. Qg4 Nc7 20. Nb5 Kh8 21.
Nxc7 Qxc7 22. Bxe6 Rf8 23. Bd5 Rae8 24. a6 b5 25. c3 Bf6 26. Qe2 Qb6 27. f4 g6
28. Kh1 Kg7 29. Bb7 Re7 30. Rad1 Rfe8 31. Qd3 Re6 32. Rf3 c4 33. Qe3 Qxe3 34.
Rxe3 Rb8 35. Re2 Be7 36. Rd5 g5 1-0

[Event "Elit(Eksjo-Linkoping)"]
[Site "?"]
[Date "2005.??.??"]
[Round "5"]
[White "Gustafsson, Fredrik"]
[Black "Wickstrom, Lucas"]
[Result "1-0"]
[WhiteElo "2197"]
[BlackElo "2069"]
[PlyCount "81"]
[EventDate "2005.??.??"]

1. e4 c5 2. Nc3 Nc6 3. g3 g6 4. Bg2 Bg7 5. d3 d6 6. Be3 Rb8 7. Qd2 b5 8. a3 b4
9. axb4 Rxb4 10. Nd1 Qb6 11. c3 Rb5 12. Ne2 Be6 13. O-O Na5 14. Nc1 Bb3 15. c4
Rb4 16. Nc3 e6 17. Nb5 Ra4 18. Nxd6+ Kf8 19. Rxa4 Bxa4 20. f4 Nf6 21. h3 Ke7
22. e5 Nd7 23. d4 Rb8 24. dxc5 Qa6 25. b4 Nxc4 26. Nxc4 Qxc4 27. c6 Rd8 28.
cxd7 Rxd7 29. Qf2 a6 30. Bc5+ Ke8 31. Qf3 Bf8 32. Qa8+ Rd8 33. Bc6+ Bxc6 34.
Qxc6+ Rd7 35. Qc8+ Rd8 36. Qc6+ Rd7 37. Rd1 Bxc5+ 38. bxc5 Qb5 39. Qxb5 axb5
40. Rxd7 Kxd7 41. Nb3 1-0

[Event "Elit(Eksjo-Linkoping)"]
[Site "?"]
[Date "2005.??.??"]
[Round "5"]
[White "Rosberg, Simon"]
[Black "Akvist, Hakan"]
[Result "1/2-1/2"]
[WhiteElo "2060"]
[BlackElo "2094"]
[PlyCount "109"]
[EventDate "2005.??.??"]

1. e4 e6 2. d3 d5 3. Nd2 Nf6 4. Ngf3 Nc6 5. c3 Be7 6. e5 Nd7 7. d4 O-O 8. Bd3
f6 9. Qc2 fxe5 10. Bxh7+ Kh8 11. dxe5 Ndxe5 12. Nxe5 Nxe5 13. O-O Bc5 14. Nb3
Bb6 15. Be3 Qh4 16. Bxb6 axb6 17. Bd3 Rf6 18. Qe2 Nxd3 19. Qxd3 Bd7 20. Qg3
Qxg3 21. hxg3 e5 22. f3 Kg8 23. Rfe1 Re6 24. Nd2 b5 25. a3 Kf7 26. Re2 c5 27.
Rae1 Kf6 28. Kf2 b6 29. Nf1 d4 30. Nd2 Rae8 31. f4 Bc6 32. fxe5+ Rxe5 33. cxd4
Rxe2+ 34. Rxe2 Rxe2+ 35. Kxe2 Ke6 36. dxc5 bxc5 37. Nf3 Kd5 38. Kd3 Be8 39. Nd2
b4 40. axb4 cxb4 41. Nf3 Bg6+ 42. Kd2 Be8 43. Ne1 Kc4 44. Nd3 Kb3 45. Kc1 Bc6
46. Ne1 Bd5 47. Nf3 Kc4 48. Kc2 Be4+ 49. Kd2 Kb3 50. Kc1 Bd5 51. Nd4+ Kc4 52.
Nf5 g6 53. Nh4 Be4 54. Kd2 Kb3 55. Kc1 1/2-1/2

[Event "Elit(Eksjo-Linkoping)"]
[Site "?"]
[Date "2005.??.??"]
[Round "5"]
[White "Krantz, Christopher"]
[Black "Axelsson, Tom"]
[Result "0-1"]
[WhiteElo "2109"]
[BlackElo "2063"]
[PlyCount "94"]
[EventDate "2005.??.??"]

1. e4 Nf6 2. e5 Nd5 3. d4 d6 4. c4 Nb6 5. exd6 exd6 6. Nc3 Be7 7. Bd3 O-O 8.
Nge2 Nc6 9. O-O Bg4 10. f3 Bh5 11. b3 Re8 12. d5 Ne5 13. Nf4 Bg6 14. Nxg6 hxg6
15. f4 Nxd3 16. Qxd3 Bf6 17. Bd2 Nd7 18. b4 Bxc3 19. Bxc3 f5 20. Rae1 Nf6 21.
Rxe8+ Qxe8 22. Bxf6 gxf6 23. Kf2 Qe4 24. Qxe4 fxe4 25. f5 Kf7 26. Ke3 gxf5 27.
Rxf5 Rh8 28. h3 Kg6 29. Rf4 f5 30. c5 Kf6 31. Kd4 Kg5 32. Rf2 Re8 33. Re2 Kf4
34. Rf2+ Kg5 35. Re2 Re5 36. g3 b6 37. cxd6 cxd6 38. Rc2 e3 39. Re2 f4 40. h4+
Kg4 41. gxf4 Kxf4 42. Kc4 Kf3 43. Re1 Kf2 44. Rh1 e2 45. h5 e1=Q 46. Rxe1 Kxe1
47. h6 a6 0-1

[Event "Elit(Kamraterna-Limhamn)"]
[Site "?"]
[Date "2005.??.??"]
[Round "5"]
[White "Brynell, Stellan"]
[Black "Svenn, Gosta"]
[Result "1-0"]
[WhiteElo "2623"]
[BlackElo "2406"]
[PlyCount "79"]
[EventDate "2005.??.??"]

1. d4 d5 2. c4 e6 3. Nf3 Nf6 4. g3 b6 5. Bg2 Bb4+ 6. Nc3 O-O 7. O-O Bb7 8. Ne5
h6 9. Bf4 Bxc3 10. bxc3 Nc6 11. Re1 Nxe5 12. Bxe5 Ne4 13. Qc2 Nd6 14. cxd5 exd5
15. Rad1 Qd7 16. Bxd6 Qxd6 17. c4 c6 18. c5 Qf6 19. e4 dxe4 20. Qxe4 bxc5 21.
Qe7 Qxe7 22. Rxe7 Ba6 23. Bxc6 Rac8 24. d5 Bc4 25. Rxa7 Rfd8 26. Bd7 Rb8 27.
Rd2 Rb1+ 28. Kg2 Ra1 29. Bc6 Bf1+ 30. Kf3 c4 31. Ke3 Rc1 32. Ba4 Bg2 33. f3 Bf1
34. d6 c3 35. Rc2 Re1+ 36. Kf2 Ra1 37. d7 Kf8 38. Rxc3 Ke7 39. Re3+ Kd6 40. Re8
1-0

[Event "Elit(Kamraterna-Limhamn)"]
[Site "?"]
[Date "2005.??.??"]
[Round "5"]
[White "Svensson, Bengt"]
[Black "Hector, Jonny"]
[Result "1/2-1/2"]
[WhiteElo "2453"]
[BlackElo "2640"]
[PlyCount "97"]
[EventDate "2005.??.??"]

1. e4 e5 2. Nf3 Nc6 3. Bb5 a6 4. Ba4 Nf6 5. O-O b5 6. Bb3 Bb7 7. c3 Nxe4 8. d4
Na5 9. Bc2 exd4 10. Nxd4 c5 11. Nf5 d5 12. Nd2 g6 13. Ng3 Be7 14. Ndxe4 dxe4
15. Bxe4 Qxd1 16. Rxd1 Rd8 17. Bf4 f5 18. Rxd8+ Bxd8 19. Bxb7 Nxb7 20. Rd1 Rf8
21. Kf1 Rf7 22. Ne2 g5 23. Bc1 f4 24. b3 Bf6 25. f3 h6 26. Kf2 Ke7 27. h4 Ke6
28. hxg5 hxg5 29. g3 fxg3+ 30. Kxg3 Nd6 31. Kg4 Rg7 32. Be3 Nb7 33. c4 bxc4 34.
bxc4 Nd6 35. Bxc5 Nxc4 36. Nd4+ Kd5 37. Nb3+ Kc6 38. Rc1 Kd5 39. Rd1+ Ke6 40.
Nd4+ Kf7 41. Nf5 Ne5+ 42. Kg3 Rg6 43. Nd6+ Ke6 44. Ne4 Nf7 45. Rb1 Be5+ 46. Kf2
Bc7 47. Rb7 Kd7 48. Be3 Kc8 49. Rb3 1/2-1/2

[Event "Elit(Kamraterna-Limhamn)"]
[Site "?"]
[Date "2005.??.??"]
[Round "5"]
[White "Jepson, Christian"]
[Black "Hamark, Jesper"]
[Result "1-0"]
[WhiteElo "2489"]
[BlackElo "2311"]
[PlyCount "99"]
[EventDate "2005.??.??"]

1. d4 d5 2. Nf3 Nf6 3. c4 e6 4. Nc3 Nbd7 5. cxd5 exd5 6. Bg5 c6 7. Qc2 Be7 8.
e3 O-O 9. Bd3 Re8 10. h3 Nf8 11. O-O-O Be6 12. Kb1 Rc8 13. g4 N6d7 14. Bxe7
Qxe7 15. Rhg1 a6 16. h4 c5 17. Ng5 Nf6 18. Nxe6 fxe6 19. dxc5 Rxc5 20. f4 Rec8
21. Qf2 R5c7 22. Ne2 e5 23. Bf5 Re8 24. Nc3 exf4 25. exf4 Ne4 26. Bxe4 dxe4 27.
Nd5 Qc5 28. Qxc5 Rxc5 29. Rge1 Kf7 30. f5 Rd8 31. Nc3 Rxd1+ 32. Rxd1 Re5 33.
Rd4 Re7 34. Kc2 Nd7 35. Nd5 Re5 36. Nc3 Nf6 37. g5 Ng4 38. Rd7+ Re7 39. g6+
hxg6 40. fxg6+ Ke8 41. Rxe7+ Kxe7 42. Nxe4 Ne3+ 43. Kc3 Nd5+ 44. Kd4 Nf4 45. h5
b6 46. Ke5 Nd3+ 47. Kf5 Nxb2 48. h6 gxh6 49. Nd6 Kf8 50. Kf6 1-0

[Event "Elit(Kamraterna-Limhamn)"]
[Site "?"]
[Date "2005.??.??"]
[Round "5"]
[White "Wallin, Dennis"]
[Black "Eriksson, Magnus"]
[Result "1/2-1/2"]
[WhiteElo "2377"]
[BlackElo "2418"]
[PlyCount "38"]
[EventDate "2005.??.??"]

1. c4 c5 2. Nf3 Nf6 3. g3 b6 4. Bg2 Bb7 5. O-O e6 6. Nc3 Be7 7. d4 cxd4 8. Nxd4
Bxg2 9. Kxg2 Qc8 10. Qd3 a6 11. a4 Nc6 12. b3 O-O 13. Bb2 Qb7 14. Nxc6 Rac8 15.
Rfd1 Rxc6 16. Qf3 Rc7 17. Qxb7 Rxb7 18. Rd3 Rc8 19. Rad1 Kf8 1/2-1/2

[Event "Elit(Kamraterna-Limhamn)"]
[Site "?"]
[Date "2005.??.??"]
[Round "5"]
[White "Holst, Conny"]
[Black "Wengholm, Anders"]
[Result "0-1"]
[WhiteElo "2249"]
[BlackElo "2241"]
[PlyCount "114"]
[EventDate "2005.??.??"]

1. d4 d5 2. c4 e6 3. Nf3 Nf6 4. Nc3 Be7 5. Bg5 O-O 6. e3 h6 7. Bh4 b6 8. Qc2
Bb7 9. cxd5 Nxd5 10. Bxe7 Qxe7 11. e4 Nxc3 12. bxc3 c5 13. Bd3 cxd4 14. cxd4
Nc6 15. O-O Rfd8 16. Qb2 Qb4 17. Qxb4 Nxb4 18. Bb1 Rac8 19. a3 Nc6 20. d5 exd5
21. exd5 Ne7 22. Re1 Kf8 23. h3 Bxd5 24. Be4 Bxe4 25. Rxe4 Rc5 26. Ne5 Nc6 27.
Nxc6 Rxc6 28. Ra4 Rc7 29. Ra6 Rd2 30. a4 Rd5 31. Re1 f6 32. Re3 Re5 33. Rb3 Ke7
34. g3 Kd6 35. a5 Rxa5 36. Rxa5 bxa5 37. Rb5 Kc6 38. Rxa5 Kb6 39. Ra2 a5 40.
Kg2 Kb5 41. Rb2+ Ka4 42. Kf3 Ka3 43. Rb6 Rc4 44. Rb7 a4 45. Rxg7 Kb3 46. g4 a3
47. Rb7+ Rb4 48. Re7 a2 49. Re1 Ka3 50. Kg3 Rb1 51. Re6 Kb4 52. Ra6 a1=Q 53.
Rxa1 Rxa1 54. h4 Kc4 55. Kf4 Ra5 56. Ke4 Re5+ 57. Kf4 Kd5 0-1

[Event "Elit(Kamraterna-Limhamn)"]
[Site "?"]
[Date "2005.??.??"]
[Round "5"]
[White "Svenn, Matti"]
[Black "Dragicevic, Drazen"]
[Result "0-1"]
[WhiteElo "2307"]
[BlackElo "2279"]
[PlyCount "82"]
[EventDate "2005.??.??"]

1. e4 c5 2. Nf3 Nc6 3. Nc3 Nf6 4. d4 cxd4 5. Nxd4 e5 6. Ndb5 d6 7. Bg5 a6 8.
Na3 b5 9. Bxf6 gxf6 10. Nd5 f5 11. g3 Bg7 12. Bg2 fxe4 13. Bxe4 O-O 14. O-O f5
15. Bg2 Rb8 16. c3 Be6 17. Nc2 Kh8 18. f4 e4 19. Nce3 a5 20. a3 Qd7 21. Qd2 b4
22. axb4 axb4 23. Bh3 bxc3 24. bxc3 Ne7 25. Nxe7 Qxe7 26. Ra5 Qc7 27. Ra3 Qc5
28. Rfa1 Rbc8 29. c4 Bxa1 30. Rxa1 Ra8 31. Qc3+ Kg8 32. Rxa8 Rxa8 33. Kh1 Kf7
34. Qb2 Rc8 35. Qb7+ Rc7 36. Qb8 Ra7 37. Nf1 e3 38. Qh8 e2 39. Qxh7+ Ke8 40.
Qh8+ Ke7 41. Qg7+ Bf7 0-1

[Event "Elit(Kamraterna-Limhamn)"]
[Site "?"]
[Date "2005.??.??"]
[Round "5"]
[White "Penalver, Osmani"]
[Black "Borvander, Tom"]
[Result "1/2-1/2"]
[WhiteElo "2227"]
[BlackElo "2231"]
[PlyCount "118"]
[EventDate "2005.??.??"]

1. d4 Nf6 2. c4 g6 3. Nc3 Bg7 4. e4 d6 5. f3 O-O 6. Be3 e5 7. d5 c6 8. Qd2 cxd5
9. cxd5 Na6 10. Bb5 Nc5 11. b4 Na6 12. a3 Nh5 13. Nge2 f5 14. Rc1 Nc7 15. Bd3
Bd7 16. Bg5 Bf6 17. Bh6 Rf7 18. exf5 gxf5 19. O-O Ne8 20. Kh1 Qe7 21. g4 e4 22.
gxh5 exd3 23. Qxd3 Ng7 24. Ng3 f4 25. Rfe1 Be5 26. Nge4 Bf5 27. Bg5 Qxg5 28.
Nxg5 Bxd3 29. Nxf7 Kxf7 30. Ne4 Re8 31. Ng5+ Kf6 32. Ne4+ Bxe4 33. Rxe4 Nxh5
34. Rc7 Rb8 35. a4 Kg6 36. Rec4 Nf6 37. b5 Nxd5 38. Rc8 Rxc8 39. Rxc8 Nc3 40.
Rc7 Nxa4 41. Rxb7 Bd4 42. Kg2 Nc3 43. Kf1 Bb6 44. Ke1 Nxb5 45. Kd2 Nd4 46. Kd3
Ne6 47. Rb8 d5 48. Re8 Ng5 49. Rg8+ Kf6 50. Rf8+ Nf7 51. h4 Ke7 52. Rg8 h6 53.
h5 Ne5+ 54. Ke2 d4 55. Rh8 d3+ 56. Kd1 Nf7 57. Rg8 Ne5 58. Rh8 Nc4 59. Rc8 Ne5
1/2-1/2

[Event "Elit(Kamraterna-Limhamn)"]
[Site "?"]
[Date "2005.??.??"]
[Round "5"]
[White "Haggstrom, Olle"]
[Black "Johansson, Thomas"]
[Result "1-0"]
[WhiteElo "2226"]
[BlackElo "2226"]
[PlyCount "49"]
[EventDate "2005.??.??"]

1. d4 f5 2. Qd3 d5 3. g4 g6 4. h3 Nc6 5. Bg2 Nf6 6. Bf4 e5 7. dxe5 Ne4 8. Bxe4
fxe4 9. Qd2 d4 10. e3 g5 11. Bg3 Bc5 12. exd4 Bxd4 13. Nc3 Be6 14. O-O-O Qe7
15. Nge2 O-O-O 16. Nxd4 Rxd4 17. Qe3 Rc4 18. Nxe4 h5 19. Nxg5 hxg4 20. Nxe6
Qxe6 21. b3 Rb4 22. hxg4 Rxh1 23. Rxh1 b6 24. Rh6 Qd5 25. Qc3 1-0

[Event "Elit(Lulea-Sollentuna)"]
[Site "?"]
[Date "2005.??.??"]
[Round "5"]
[White "Berg, Emanuel"]
[Black "Astrom, Robert"]
[Result "1/2-1/2"]
[WhiteElo "2632"]
[BlackElo "2499"]
[PlyCount "71"]
[EventDate "2005.??.??"]

1. e4 c5 2. Nf3 d6 3. d4 cxd4 4. Nxd4 Nf6 5. Nc3 a6 6. Bg5 e6 7. f4 Qc7 8. Bxf6
gxf6 9. Qd2 b5 10. a3 Bb7 11. Be2 h5 12. O-O-O Nd7 13. Kb1 Nb6 14. Rhf1 Rd8 15.
Qe3 h4 16. Ncxb5 axb5 17. Bxb5+ Nd7 18. f5 e5 19. Ne6 fxe6 20. fxe6 Bc6 21.
exd7+ Qxd7 22. Bxc6 Qxc6 23. Rxf6 Be7 24. Rf5 Rb8 25. Qf3 Rb5 26. b3 Rc5 27.
Rd2 Rc3 28. Qg4 Qc5 29. Qg7 Rf8 30. Qg6+ Kd8 31. Rxf8+ Bxf8 32. Qg8 Ke8 33.
Qg6+ Kd8 34. Qg8 Ke8 35. Qg6+ Kd8 36. Qg8 1/2-1/2

[Event "Elit(Lulea-Sollentuna)"]
[Site "?"]
[Date "2005.??.??"]
[Round "5"]
[White "Setterqvist, Kurt"]
[Black "Carlsson, Pontus"]
[Result "0-1"]
[WhiteElo "2337"]
[BlackElo "2581"]
[PlyCount "110"]
[EventDate "2005.??.??"]

1. d4 Nf6 2. Nf3 e6 3. c4 b6 4. g3 Ba6 5. Qa4 Bb7 6. Bg2 c5 7. dxc5 Bxc5 8. O-O
O-O 9. Nc3 Be7 10. Bf4 d6 11. Rfd1 a6 12. Rd2 Qc7 13. Qd1 Rd8 14. Rc1 h6 15. h3
Nh5 16. Be3 Nd7 17. b3 Rac8 18. Rdc2 Qb8 19. Nd4 Bxg2 20. Kxg2 Nhf6 21. Qd2 Bf8
22. Kg1 Qb7 23. Qd1 g6 24. Qf1 e5 25. Nf3 b5 26. cxb5 axb5 27. Nb1 d5 28. Rxc8
Rxc8 29. Rxc8 Qxc8 30. Qc1 Qa6 31. Qc2 b4 32. Ne1 d4 33. Bc1 e4 34. Kf1 Qe6 35.
Kg2 Qa6 36. Kf1 Qe6 37. Kg2 Qd5 38. f3 Ne5 39. Qc8 exf3+ 40. Nxf3 g5 41. Qf5
Nxf3 42. Qxd5 Ne1+ 43. Kf1 Nxd5 44. Kxe1 Bd6 45. Kf2 Nc3 46. Nxc3 dxc3 47. Kf3
f5 48. g4 f4 49. Ke4 Kf7 50. Kd4 Ke6 51. Kc4 Ke5 52. a3 bxa3 53. Kxc3 a2 54.
Bb2 Ke4 55. Kc2 Ke3 0-1

[Event "Elit(Lulea-Sollentuna)"]
[Site "?"]
[Date "2005.??.??"]
[Round "5"]
[White "Dzevlan, Miralem"]
[Black "Engstrom, Kaj"]
[Result "1-0"]
[WhiteElo "2445"]
[BlackElo "2249"]
[PlyCount "73"]
[EventDate "2005.??.??"]

1. d4 d5 2. c4 c6 3. Nc3 Nf6 4. e3 e6 5. Nf3 Nbd7 6. Qc2 Bd6 7. b3 a6 8. Be2
O-O 9. O-O b5 10. e4 dxe4 11. Nxe4 Be7 12. Bf4 Nxe4 13. Qxe4 Bb7 14. Rfd1 Qc8
15. Qe3 b4 16. Bd3 Re8 17. c5 Nf6 18. Qe1 a5 19. a3 bxa3 20. Rxa3 Bd8 21. Ne5
Ba6 22. Nc4 Bxc4 23. bxc4 Re7 24. Be5 Rea7 25. Bc2 Nd7 26. Bd6 Bf6 27. Qe4 g6
28. Ba4 Ra6 29. h4 Bg7 30. Rb1 Nf6 31. Qe3 Ne8 32. Rab3 Qd8 33. Rb8 Qxh4 34. g3
Qxd4 35. Bxc6 Rxb8 36. Rxb8 Qd1+ 37. Kg2 1-0

[Event "Elit(Lulea-Sollentuna)"]
[Site "?"]
[Date "2005.??.??"]
[Round "5"]
[White "Marklund, Nicklas"]
[Black "Couso, Luis"]
[Result "1-0"]
[WhiteElo "2270"]
[BlackElo "2432"]
[PlyCount "61"]
[EventDate "2005.??.??"]

1. d4 d5 2. c4 c6 3. Nf3 Nf6 4. Nc3 a6 5. Qb3 e6 6. Bf4 Nbd7 7. e3 Be7 8. Rc1
O-O 9. h3 c5 10. cxd5 exd5 11. g4 cxd4 12. exd4 Re8 13. Kd1 Nf8 14. Bd3 b5 15.
Kc2 b4 16. Na4 Ne4 17. Kb1 Ne6 18. Be3 Bb7 19. Rhd1 Rc8 20. Rxc8 Qxc8 21. Ne5
f6 22. Bxe4 fxe5 23. Bxd5 Bxd5 24. Qxd5 Bf6 25. dxe5 Rd8 26. Qb3 Rxd1+ 27. Qxd1
Bxe5 28. Qd5 Bf6 29. Nc5 Kf7 30. f4 Ke7 31. g5 1-0

[Event "Elit(Lulea-Sollentuna)"]
[Site "?"]
[Date "2005.??.??"]
[Round "5"]
[White "Eriksson, Jonas"]
[Black "Pousette, Gunnar"]
[Result "1-0"]
[WhiteElo "2368"]
[BlackElo "2163"]
[PlyCount "81"]
[EventDate "2005.??.??"]

1. d4 Nf6 2. c4 e6 3. Nf3 b6 4. a3 Bb7 5. Nc3 Be7 6. Bg5 O-O 7. Bxf6 Bxf6 8. e4
d6 9. Bd3 Nd7 10. h4 g6 11. h5 c5 12. d5 exd5 13. exd5 Re8+ 14. Kf1 Ne5 15.
Nxe5 Rxe5 16. Ne4 Bg7 17. g4 Qe7 18. Qf3 b5 19. hxg6 fxg6 20. Nc3 bxc4 21. Bxc4
Rf8 22. Qh3 h5 23. Qg2 Rg5 24. Qe4 Be5 25. gxh5 Rf4 26. Qe2 Rgf5 27. Rh2 Qf6
28. Rg2 g5 29. Bd3 Bxc3 30. Bxf5 Bxd5 31. Qe8+ Kg7 32. Qd7+ Qf7 33. h6+ Kf6 34.
Qd8+ Qe7 35. Qxe7+ Kxe7 36. Rxg5 Bxb2 37. Re1+ Be5 38. Rh5 Kf6 39. h7 Kf7 40.
Rxe5 dxe5 41. h8=Q 1-0

[Event "Elit(Lulea-Sollentuna)"]
[Site "?"]
[Date "2005.??.??"]
[Round "5"]
[White "Rolen, Magnus"]
[Black "Andersson, Fredrik"]
[Result "0-1"]
[WhiteElo "2174"]
[BlackElo "2302"]
[PlyCount "52"]
[EventDate "2005.??.??"]

1. Nc3 e5 2. Nf3 Nc6 3. d4 exd4 4. Nxd4 Nf6 5. Bg5 Bb4 6. Nxc6 bxc6 7. Qd4 Be7
8. e4 O-O 9. f4 Rb8 10. e5 Nd5 11. Bxe7 Qxe7 12. O-O-O d6 13. Bc4 Bg4 14. Rde1
Nxc3 15. Qxc3 d5 16. h3 Bf5 17. Bb3 Rb6 18. g4 Be4 19. Rhf1 c5 20. f5 Re8 21.
f6 Qxe5 22. Qxc5 Rxf6 23. Rxf6 Qxf6 24. Qxa7 Qh6+ 25. Qe3 Bf3 26. g5 Rxe3 0-1